书目信息 |
| 题名: |
巴黎的瞬间
|
|
| 作者: | 帕涅罗珀 译著 | |
| 分册: | ||
| 出版信息: | 北京 中国人民大学出版社 2003 |
|
| 页数: | 200页 | |
| 开本: | 20cm | |
| 丛书名: | 朗朗书房 | |
| 单 册: | ||
| 中图分类: | J431(565) | |
| 科图分类: | ||
| 主题词: | 摄影集--法国--现代 , 摄影集 | |
| 电子资源: | ||
| ISBN: | 7-300-04764-5 | |
| 000 | 00906oam2 2200265 450 | |
| 001 | 002508163 | |
| 005 | 20070803112647.35 | |
| 010 | @a7-300-04764-5@dCNY19.80 | |
| 100 | @a20031120d2003 em y0chiy0110 ea | |
| 101 | 1 | @achi@cfre |
| 102 | @aCN@b110000 | |
| 105 | @aa z 000yy | |
| 200 | 1 | @a巴黎的瞬间@9ba li de shun jian@e[摄影集]@f[法]帕涅罗珀译著 |
| 210 | @a北京@c中国人民大学出版社@d2003 | |
| 215 | @a200页@d20cm | |
| 225 | 2 | @a朗朗书房@i巴黎文化艺术书库 |
| 330 | @a本书分为游荡者的巴黎、街道上的巴黎、艺术家的巴黎、情人的巴黎、水边的巴黎、空气中的巴黎、高处的巴黎、夜的巴黎、革命的巴黎以及现代的巴黎十辑内容。 | |
| 462 | 0 | @12001 @a朗朗书房@i巴黎文化艺术书库 |
| 510 | 1 | @aMoments in Paris@zeng |
| 606 | 0 | @a摄影集@y法国@z现代 |
| 606 | 0 | @a摄影集 |
| 690 | @aJ431(565)@v4 | |
| 701 | 0 | @c(法)@a帕涅罗珀@9pa nie luo po@4译著 |
| 801 | 0 | @aCN@bNLC@c20070803 |
| 905 | @a10447@dJ431(565)@e218 | |
| 巴黎的瞬间:[摄影集]/[法]帕涅罗珀译著.-北京:中国人民大学出版社,2003 |
| 200页;20cm.-(朗朗书房.巴黎文化艺术书库) |
| ISBN 7-300-04764-5:CNY19.80 |
| 本书分为游荡者的巴黎、街道上的巴黎、艺术家的巴黎、情人的巴黎、水边的巴黎、空气中的巴黎、高处的巴黎、夜的巴黎、革命的巴黎以及现代的巴黎十辑内容。 |
| ● |
| 相关链接 |
|
|
|
|
正题名:巴黎的瞬间
索取号:J431(565)/218
 
预约/预借
| 序号 | 登录号 | 条形码 | 馆藏地/架位号 | 状态 | 备注 |
| 1 | 0802042 | 208020425 | 第一样本阅览室/ [索取号:J431(565)/218] | 在馆 | |
| 2 | 0802043 | 208020434 | 第一借阅区/ [索取号:J431(565)/218] | 在馆 | |
| 3 | 0802044 | 208020443 | 第一借阅区/ [索取号:J431(565)/218] | 在馆 | |
| 4 | 0802045 | 208020452 | 第一借阅区/ [索取号:J431(565)/218] | 在馆 | |
| 5 | 0802046 | 208020461 | 第一借阅区/ [索取号:J431(565)/218] | 在馆 | |
| 6 | 0802047 | 208020470 | 第一借阅区/ [索取号:J431(565)/218] | 在馆 | |
| 7 | 0802048 | 208020489 | 第一借阅区/ [索取号:J431(565)/218] | 在馆 | |
| 8 | 0802049 | 208020498 | 音乐系资料室/ [索取号:J431(565)/218] | 在馆 | |
| 9 | 0802050 | 208020504 | 音乐系资料室/ [索取号:J431(565)/218] | 在馆 | |
| 10 | 0802051 | 208020513 | 音乐系资料室/ [索取号:J431(565)/218] | 在馆 |